Lotr Quotes: Fill in the blanks - Statistics

General Stats
  • This quiz has been taken 107 times
  • The average score is 6 of 14
Answer Stats
Hint Answer % Correct
Faramir: 'Then, Eowyn of ____, I say to you that you are beautiful.' Rohan
91%
Faramir: 'We are truth speakers, we men of ______' Gondor
87%
Legolas: 'There lie the woods of ________! That is the fairest of all the dwellings of my people.' Lothlorien
74%
Aragorn: 'If you pass the doors of _____ beware!' Moria
51%
Sam: 'But I have something to do before the end, and it lies ahead, not in the ____." Shire
42%
Sam: 'If this nice friendliness would spread about in _____, half our trouble would be over.' Mordor
41%
Frodo: 'I will go east, and I will make for _______' Rivendell
40%
Merry: 'We are hobbits from ______, and have a fancy to travel and stay at the inn here.' Buckland
27%
Fredegar (fatty) Bolger: 'But you won't have any luck in the ___ _____. No one has ever had any luck in there." Old Forest
27%
Aragorn: 'But I may say I know all the lands between the Shire and the ____ _______." Misty Mountains
25%
Aragorn: 'If the riders fail to find us in the wilderness, they are likely to make for _______ themselves.' Weathertop
22%
Aragorn: 'You may escape from ___, and be allowed to go forward while the sun is up. But you won't get far.' Bree
15%
Merry: 'This is the River _________. I will go on and explore.' Withywindle
7%
Merry: 'Of course, I remember! The men of ____ ____ came on us at night and we were worsted.' Carn Dum
6%
No matching quizzes found
Score Distribution
Percent of People with Each Score
Percentile by Number Answered
Your Score History
You have not taken this quiz